000 00893cam a22002891 4500
001 8063
003 BD-RjUL
005 20211208234522.0
008 160114s1943 xx 001 0 eng
035 _a(BD-RjUL)8108
035 _a(OCoLC)2179360
040 _aDLC
_cNNCU-G
_dDLC
_dBD-RjUL
_beng
041 _aeng
082 _a382.01
_bMAI 1961
100 1 _aMachlup, Fritz,
_d1902-
_912826
245 1 0 _aInternational trade and the national income multiplier /
_cby Fritz Machlup
260 _aNew York :
_bA. M. Kelley,
_cc1943 [Reprinted 1961]
300 _axvi, 237 p. :
_bill. ;
_c23 cm.
504 _aIncludes bibliographical references and index.
650 0 _aCommerce.
_925145
650 0 _aIncome.
_925146
650 0 _aBusiness cycles.
_925147
740 0 _aIncome multiplier.
942 _2ddc
_cBK
999 _c8063
_d8063